Germany, Turkey and Armenia : a selection of documentary evidence relating to the Armenian atrocities from German and other sources.

Bibliographic Details
Format: Book
Language:English
Published: London : J.J. Keliher, 1917.
Subjects:

MARC

Tag First Indicator Second Indicator Subfields
LEADER 00000cam a2200000I 4500
001 in00002364355
005 20151108092719.0
008 790706s1917 enk 000 0 eng
010 |a  18018694  
029 1 |a NLGGC  |b 038081571 
035 |a (OCoLC)ocm05144264 
035 |a (OCoLC)5144264 
040 |a DLC  |c VIC  |d VIC  |d OCLCQ  |d NLGGC  |d TXA  |d UtOrBLW 
043 |a a-ai---  |a a-ir---  |a a-tu--- 
049 |a TXAM 
050 0 |a D638.A7  |b G4 
082 0 4 |a 940.9 
090 |a D638.A7  |b G4 1917 
245 0 0 |a Germany, Turkey and Armenia :  |b a selection of documentary evidence relating to the Armenian atrocities from German and other sources. 
264 1 |a London :  |b J.J. Keliher,  |c 1917. 
300 |a 3 preliminary leaves, 127 pages, 1 unnumbered page ;  |c 22 cm. 
336 |a text  |b txt  |2 rdacontent 
337 |a unmediated  |b n  |2 rdamedia 
338 |a volume  |b nc  |2 rdacarrier 
500 |a Cushing Library Ragan Military copy part of the Alan Culpin Military History Collection. 
650 0 |a World War, 1914-1918  |z Armenia. 
650 0 |a Armenian question. 
650 1 7 |a Eerste Wereldoorlog.  |2 gtt 
948 |a cataloged  |b h  |c 2008/3/4  |d c  |e bhartsfi  |f 11:36:51 am 
994 |a C0  |b TXA 
999 |a MARS 
999 f f |s 7f541f83-c2aa-3593-a6d7-3b630378ebfa  |i 0c1ccb9a-2b6b-388f-90e7-4156efa89466  |t 0 
952 f f |p noncirc  |a Texas A&M University  |b College Station  |c Cushing Memorial Library & Archives  |d Cushing: Ragan Military (Does not check out)  |t 0  |e D638.A7 G4 1917  |h Library of Congress classification  |i unmediated -- volume  |m A14852142570 
998 f f |a D638.A7 G4 1917  |t 0  |l Cushing: Ragan Military (Does not check out)